Stranger things characters by screen time 1-4 - Statistics

General Stats
  • This quiz has been taken 129 times
  • The average score is 20 of 31
Answer Stats
Hint Answer % Correct
487minutes eleven
100%
315 max
95%
374 mike
95%
291 will
95%
356 dustin
94%
323 joyce
94%
378 hopper
93%
330 lucas
93%
296 steve
93%
381minutes nancy
92%
187 Jonathan
85%
89 robin
83%
69 vecna
83%
45 billy
74%
54 erica
74%
50 Murray
73%
34 karen
71%
13 holly
64%
25 bob
63%
70 eddie
63%
17 alexei
43%
31 martin
40%
17 argyle
33%
6 Barbara
33%
5 chrissy
33%
33 sam
30%
8 suzie
26%
28 jason
25%
12 enzo
21%
24 scott
18%
3 eden
3%
No matching quizzes found
Score Distribution
Percent of People with Each Score
Percentile by Number Answered
Your Score History
You have not taken this quiz